000 00406nam a2200157Ia 4500
008 230524s9999 xx 000 0 und d
082 _a384.5
_bMAR
100 _aJon W.Mark and Weihua Zhuang
_917485
245 0 _aWireless Communications and Networking
250 _a1ST
260 _aNEW DELHI
_bPHI
_c2005
300 _aXII;356
500 _aQuantity Number: 1
650 _aElectronics
942 _cBK
999 _c26411
_d26411